000 00750cam a2200229 i 4500
008
020 _a9781118607206 (hbk.)
049 _aMAIN
090 0 0 _aTK5105.5
_bJAN
100 1 _aJanevski, Toni.
245 1 0 _aNGN architectures, protocols, and services /
_cToni Janevski.
260 2 6 _a4 1Chichester, West Sussex, United Kingdom :
_bWiley,
_c2014.
300 _axiii, 352 p. :
_bill. ;
_c26 cm.
500 _aIncludes index.
650 0 _aComputer networks
_xTechnological innovations
_xForecasting.
650 7 _aTECHNOLOGY & ENGINEERING / Telecommunications.
907 _a.b10388813
_b01-03-18
_c16-02-18
003
005 20230123141101.0
040 _cNUST
942 _cBOOKS
_kTK5105.5
_mJAN
999 _c167380
_d167380